Postsovětská Arménie: zajištění národní bezpečnosti mezi Tureckem a Ruskem
Analýza geopolitického situovania postsovietského Arménska s akcentom na vzťahy s Tureckom a Ruskom.
Saved in:
| Main Author: | |
|---|---|
| Format: | Book Chapter |
| Language: | Czech |
| Subjects: | |
| Tags: |
No Tags, Be the first to tag this record!
|
MARC
| LEADER | 00000naa a2200000 4500 | ||
|---|---|---|---|
| 001 | 0149621 | ||
| 005 | 20221025110755.9 | ||
| 041 | 0 | |a cze | |
| 044 | |a SK | ||
| 245 | 1 | 0 | |a Postsovětská Arménie: zajištění národní bezpečnosti mezi Tureckem a Ruskem |c Emil Souleimanov |
| 520 | |a Analýza geopolitického situovania postsovietského Arménska s akcentom na vzťahy s Tureckom a Ruskom. | ||
| 610 | 2 | 0 | |a politika medzinárodná |
| 610 | 2 | 0 | |a Turecko |
| 610 | 2 | 0 | |a Arménsko |
| 610 | 2 | 0 | |a Rusko |
| 610 | 2 | 0 | |a politika bezpečnostná |
| 100 | 1 | |a Souleimanov, Emil | |